000 01020 a2200217 4500
001 55278
005 20260407155826.0
008 260407a1968 arg spa d
003 AR-UNSa-BCEJYS
040 _aAR-UNSa-BCEJYS
_bspa
_cAR-UNSa-BCEJYS
080 _a336.02
_xPolítica financiera. Política fiscal
245 1 0 _aLa imposición fiscal en los paises en desarrollo
264 1 _aMéxico :
_bUnión Tipográfica Editorial Hispano-Americana (UTEHA)
_c1968
300 _aix, 588 p.
_c23 cm.
505 _a1. Política fiscal y desenvolvimiento económico - 2. Sistemas fiscales comparativos - 3. Impuestos sobre la renta - 4. Impuestos directos sobre los desembolsos y la riqueza neta - 5. Impuestos sobre ventas y consumos - 6. Impuestos sobre el comercio exterior - 7. Impuestos sobre finanzas locales y propiedad raíz - 8. Administración de impuestos y ayuda técnica
041 _aspa
942 _cBK
590 _aniveau_biblio:m niveau_hierar:0
100 1 _aBird, Richard M.
700 1 _aOldman, Oliver
999 _c5901
_d5901